Kraje najbliżej Beninu - Statystyki

Ogólne statystyki
  • Ten quiz został rozwiązany 67 razy
  • Średni wynik to 15 z 20
Statystyki odpowiedzi
km kraj % Poprawnych
0 Togo
95%
0 Niger
93%
0 Nigeria
93%
1114 Czad
86%
947 Gwinea
86%
315 Côte d'Ivoire
84%
43 Ghana
82%
668 Kamerun
82%
326 Mali
81%
0 Burkina Faso
79%
1340 Senegal
77%
997 Liberia
75%
857 Mauretania
75%
720 Gwinea Równikowa
68%
1291 Republika Środkowoafrykańska
67%
1232 Sierra Leone
67%
733 Algieria
65%
969 Gabon
63%
735 Wyspy Świętego Tomasza i Książeca
63%
1261 Congo
0%
Nie znaleziono quizów pasujących do podanych kryteriów
Rozkład punktacji
Procent ludzi z każdym wynikiem
Percentyl według liczby udzielonych odpowiedzi
Twoja historia wyników
Nie rozwiązałeś tego quizu